| 000 | 00736nam a22002297a 4500 | ||
|---|---|---|---|
| 005 | 20170124110119.0 | ||
| 010 | _aA-688493 | ||
| 020 |
_c00.00 _a0863113362 |
||
| 035 | _aA-688493 | ||
| 037 | _bCen Lib/Ret | ||
| 040 |
_aDPL _bEN |
||
| 082 |
_a921 _bKIR |
||
| 100 |
_aKirpalani, S.K. _930382 |
||
| 245 |
_aFifty years with the British / _cby S.K.Kirpalani |
||
| 260 |
_aNew Delhi _bOrient Longman Limited _c1993 |
||
| 270 |
_a1/24, Asaf Ali Road _bNew Delhi _e110002 |
||
| 300 |
_axii,382p. : _c19cm(Hb) _bill. |
||
| 500 | _aIncludes index | ||
| 650 |
_aGovernment executives -- India -- Biography _930383 |
||
| 650 |
_aKirpalani, S. K. -- (Santdas Khushiram), -- 1899-1983 _930384 |
||
| 942 |
_2ddc _cEN _h921 _mKIR |
||
| 999 |
_c130902 _d130902 |
||